000 00331nam a2200145Ia 4500
005 20251222144704.0
008 251222s9999||||xx |||||||||||||| ||spa||
020 _a84-285-0377-X
082 _a242.5/C31
100 _aCarretto, Carlo
245 0 _aMañana será Mejor
250 _a14 ed.
264 _bPaulinas
942 _cLIB
999 _c17569
_d17569